[Event "European Blitz-ch 2018"]
[Site "Skopje"]
[Date "2018.12.06"]
[Round "4"]
[White "Danov, Lyubomir"]
[Black "Esipenko, Andrey"]
[Result "1-0"]
[WhiteElo "2353"]
[BlackElo "2593"]
[Annotator "TA"]
[PlyCount "87"]
[EventDate "2018.12.06"]
[EventType "swiss"]
[EventCountry "MKD"]
[SourceTitle "playchess.com"]
[Source "ChessBase"]
[SourceQuality "1"]

1. e4 c6 2. d4 d5 3. exd5 cxd5 4. c4 Nf6 5. Nc3 Nc6 6. Bg5 Be6 7. Nf3 Qa5 8. Bxf6 exf6 9. Be2 dxc4 10. d5 Rd8 11. O-O Bxd5 12. Nxd5 Rxd5 13. Qc2 c3 14. Bc4 Rd7 15. bxc3 Be7 16. Rad1 Rxd1 17. Rxd1 O-O 18. Rd7 Qc5 19. Qe4 Rb8 20. g3 g6 21. Bd5 Kf8 22. Bxc6 bxc6 23. Nd4 Rd8 24. Rxe7 Qxe7 25. Qxe7+ Kxe7 26. Nxc6+ Kd7 27. Nxd8 Kxd8 28. Kf1 Kd7 29. Ke2 Kd6 30. Kd3 Kd5 31. c4+ Kc5 32. Kc3 f5 33. Kd3 f6 34. Kc3 g5 35. f4 h5 36. h4 gxf4 37. gxf4 a6 38. Kd3 Kc6 39. Kd4 Kd6 40. c5+ Ke6 41. Kc4 Ke7 42. Kd5 Kd7 43. c6+ Kc7 44. Kc5 1-0

[Event "European Blitz-ch 2018"]
[Site "Skopje"]
[Date "2018.12.06"]
[Round "4"]
[White "Maly, Alexey"]
[Black "Mamedov, Rauf"]
[Result "0-1"]
[WhiteElo "2339"]
[BlackElo "2703"]
[Annotator "TA"]
[PlyCount "60"]
[EventDate "2018.12.06"]
[EventType "swiss"]
[EventCountry "MKD"]
[SourceTitle "playchess.com"]
[Source "ChessBase"]
[SourceQuality "1"]

1. d4 d6 2. c4 e5 3. Nc3 exd4 4. Qxd4 Nc6 5. Qd2 g6 6. b3 Bg7 7. Bb2 Nf6 8. g3 O-O 9. Bg2 Re8 10. Nh3 a5 11. Nf4 Ne5 12. O-O a4 13. Rac1 axb3 14. axb3 Nfd7 15. Qc2 Nc5 16. Rfd1 Bf5 17. e4 Bg4 18. Nfe2 Nf3+ 19. Kh1 Qg5 20. b4 Ne6 21. Rd5 Qh6 22. h4 g5 23. Ng1 Ned4 24. Qd3 gxh4 25. Nxf3 hxg3+ 26. Kg1 Nxf3+ 27. Kf1 Qh2 28. Qe3 Bh6 29. Qd3 Qg1+ 30. Ke2 Nd4# 0-1

[Event "European Blitz-ch 2018"]
[Site "Skopje"]
[Date "2018.12.06"]
[Round "4"]
[White "Videnova, Iva"]
[Black "Demchenko, Anton"]
[Result "0-1"]
[WhiteElo "2322"]
[BlackElo "2679"]
[Annotator "TA"]
[PlyCount "120"]
[EventDate "2018.12.06"]
[EventType "swiss"]
[EventCountry "MKD"]
[SourceTitle "playchess.com"]
[Source "ChessBase"]
[SourceQuality "1"]

1. e4 c5 2. Nf3 Nc6 3. d4 cxd4 4. Nxd4 Nf6 5. Nc3 d6 6. Bg5 e6 7. Qd2 a6 8. O-O-O Be7 9. f4 Bd7 10. Kb1 b5 11. Bxf6 Bxf6 12. Nxc6 Bxc6 13. Qxd6 Qxd6 14. Rxd6 Rc8 15. e5 Be7 16. Rd2 g5 17. Bd3 gxf4 18. Rf2 Bc5 19. Rxf4 Bxg2 20. Re1 Rc7 21. Be4 Bxe4 22. Nxe4 Be7 23. Ref1 Rf8 24. c3 Rd7 25. Kc2 Rd5 26. Nf6+ Bxf6 27. exf6 Rg8 28. R1f2 Kd7 29. a4 Kd6 30. axb5 axb5 31. Rh4 h5 32. Rb4 Rg4 33. Kb3 Kc5 34. Rxg4 hxg4 35. Rg2 Rg5 36. h4 Rg6 37. h5 Rxf6 38. Rxg4 Rh6 39. Rh4 f5 40. Kc2 e5 41. Kd3 Kd5 42. b3 Ke6 43. Ke3 Kf6 44. Rb4 Rxh5 45. Rxb5 Rh3+ 46. Kd2 e4 47. Rb8 Ke5 48. b4 Rh2+ 49. Kd1 f4 50. Re8+ Kd5 51. b5 f3 52. b6 Rb2 53. Rd8+ Ke5 54. Re8+ Kf4 55. Re6 Ke3 56. c4 Kd3 57. Kc1 Rc2+ 58. Kb1 Rxc4 59. Rd6+ Ke2 60. Ka2 f2 0-1

[Event "European Blitz-ch 2018"]
[Site "Skopje"]
[Date "2018.12.06"]
[Round "4"]
[White "Putka, Verners"]
[Black "Delchev, Aleksander"]
[Result "1/2-1/2"]
[WhiteElo "2307"]
[BlackElo "2552"]
[Annotator "TA"]
[PlyCount "99"]
[EventDate "2018.12.06"]
[EventType "swiss"]
[EventCountry "MKD"]
[SourceTitle "playchess.com"]
[Source "ChessBase"]
[SourceQuality "1"]

1. d4 Nf6 2. Nf3 e6 3. g3 d5 4. Bg2 b5 5. O-O Nbd7 6. Bg5 Be7 7. Nbd2 O-O 8. Re1 Bb7 9. a4 a6 10. Nb3 c5 11. dxc5 Nxc5 12. Nxc5 Bxc5 13. Nd4 h6 14. Bxf6 Qxf6 15. e3 b4 16. c4 bxc3 17. bxc3 Rac8 18. Qd3 Rc7 19. Rab1 Rfc8 20. Rb2 Bf8 21. Ne2 Qe7 22. Reb1 Bc6 23. Qxa6 Ra8 24. Qd3 Rxa4 25. Rb8 Rca7 26. h4 Ra1 27. Nd4 Bd7 28. Kh2 Rxb1 29. Qxb1 Rc7 30. Qb4 Rc8 31. Rb7 Qf6 32. Qb2 Be8 33. e4 dxe4 34. Bxe4 h5 35. Qd2 Bc5 36. Kg2 Rd8 37. Qe2 g6 38. Nf3 Qxc3 39. Bxg6 fxg6 40. Qxe6+ Kh8 41. Ne5 Bc6+ 42. Nxc6 Rf8 43. Qe5+ Qxe5 44. Nxe5 Rxf2+ 45. Kh3 Rf6 46. Nd7 Rc6 47. Ne5 Re6 48. Nf7+ Kg8 49. Ng5 Rf6 50. Rb3 1/2-1/2

[Event "European Blitz-ch 2018"]
[Site "Skopje"]
[Date "2018.12.06"]
[Round "4"]
[White "Musovic, Armin"]
[Black "Brkic, Ante"]
[Result "1-0"]
[WhiteElo "2301"]
[BlackElo "2563"]
[Annotator "TA"]
[PlyCount "84"]
[EventDate "2018.12.06"]
[EventType "swiss"]
[EventCountry "MKD"]

1. a3 g6 2. Nc3 Bg7 3. e4 c5 4. Bc4 Nc6 5. d3 e6 6. Nf3 Nge7 7. O-O O-O 8. Bg5 h6 9. Bh4 g5 10. Bg3 d5 11. exd5 exd5 12. Ba2 f5 13. h3 f4 14. Bh2 Be6 15. Re1 Qd7 16. Qe2 Bf7 17. Kh1 Nf5 18. Qd2 Nfd4 19. Qd1 Nxf3 20. Qxf3 Nd4 21. Qd1 Rae8 22. Rg1 Kh8 23. Rb1 Be6 24. b4 b6 25. bxc5 bxc5 26. Qd2 Rb8 27. Ne2 Rxb1 28. Rxb1 f3 29. Nxd4 fxg2+ 30. Kxg2 Bxh3+ 31. Kh1 Bxd4 32. f4 Bg4 33. Rf1 Qf5 34. Qg2 Bh3 35. Qf3 Bxf1 36. Qxf1 gxf4 37. Qf3 Re8 38. Bxd5 Re3 39. Be4 Rxf3 40. Bxf5 Rf1+ 41. Kg2 Rf2+ 42. Kh3 f3 1-0

[Event "European Blitz-ch 2018"]
[Site "Skopje"]
[Date "2018.12.06"]
[Round "4"]
[White "Bruned, Yvain"]
[Black "Stevic, Hrvoje"]
[Result "0-1"]
[WhiteElo "2286"]
[BlackElo "2587"]
[Annotator "TA"]
[PlyCount "76"]
[EventDate "2018.12.06"]
[EventType "swiss"]
[EventCountry "MKD"]

1. e4 e5 2. Nf3 Nc6 3. Bb5 a6 4. Bxc6 dxc6 5. Nc3 f6 6. d4 exd4 7. Qxd4 Qxd4 8. Nxd4 Bd7 9. Bf4 O-O-O 10. O-O-O Ne7 11. f3 Ng6 12. Bg3 Bd6 13. Nde2 Be6 14. h4 Bxg3 15. Nxg3 Nf4 16. Rhg1 Rxd1+ 17. Kxd1 c5 18. Nge2 Ng6 19. h5 Ne5 20. Nf4 Bf7 21. Rh1 Rd8+ 22. Kc1 b5 23. Ncd5 Nc6 24. Rd1 h6 25. Ne3 Ne7 26. Rxd8+ Kxd8 27. Nd3 c4 28. Nc5 a5 29. g4 a4 30. Nd1 c6 31. b4 cxb3 32. cxb3 axb3 33. axb3 Kc7 34. Kb2 Kd6 35. Nd3 c5 36. Kc3 Nc6 37. Ne3 b4+ 38. Kb2 Ne7 0-1

[Event "European Blitz-ch 2018"]
[Site "Skopje"]
[Date "2018.12.06"]
[Round "4"]
[White "Nazaretyan, Tigran"]
[Black "Nenezic, Marko"]
[Result "0-1"]
[WhiteElo "2250"]
[BlackElo "2515"]
[Annotator "TA"]
[PlyCount "78"]
[EventDate "2018.12.06"]
[EventType "swiss"]
[EventCountry "MKD"]
[SourceTitle "playchess.com"]
[Source "ChessBase"]
[SourceQuality "1"]

1. d4 Nf6 2. c4 g6 3. Nc3 Bg7 4. e4 d6 5. Be2 O-O 6. Nf3 e5 7. O-O Nbd7 8. Be3 Qe7 9. Qc2 c6 10. Rad1 exd4 11. Nxd4 Re8 12. f3 a5 13. b3 Nh5 14. Rd2 Nc5 15. Rfd1 f5 16. Nxc6 bxc6 17. Rxd6 Na6 18. Rxc6 Nb4 19. Nd5 Nxc2 20. Nxe7+ Rxe7 21. Rd8+ Kf7 22. Bc5 Bb7 23. Rcd6 Nf4 24. Bf1 Ne6 25. Rxa8 Bxa8 26. Bb6 fxe4 27. fxe4 Bxe4 28. Bxa5 Bd4+ 29. Kh1 Ne3 30. Rxd4 Nxd4 31. Bb4 Rb7 32. Bc5 Ndf5 33. Be2 Rd7 34. Kg1 Rd2 35. Kf2 Bd3 36. Bxe3 Rxe2+ 37. Kf3 Rxe3+ 38. Kf4 Kf6 39. h4 h6 0-1

[Event "European Blitz-ch 2018"]
[Site "Skopje"]
[Date "2018.12.06"]
[Round "4"]
[White "Pogan, Nikolas"]
[Black "Jankovic, Alojzije"]
[Result "0-1"]
[WhiteElo "2228"]
[BlackElo "2557"]
[Annotator "TA"]
[PlyCount "60"]
[EventDate "2018.12.06"]
[EventType "swiss"]
[EventCountry "MKD"]
[SourceTitle "playchess.com"]
[Source "ChessBase"]
[SourceQuality "1"]

1. c4 d6 2. d4 Nf6 3. Nf3 g6 4. g3 c6 5. Bg2 Qa5+ 6. Nc3 Ne4 7. Qb3 Bg7 8. O-O Nxc3 9. Qxc3 Qxc3 10. bxc3 Nd7 11. a4 Nb6 12. Nd2 Be6 13. a5 Nxc4 14. a6 O-O-O 15. axb7+ Kxb7 16. Ra4 Nb6 17. Ra5 f5 18. Ba3 Bd5 19. f3 c5 20. e3 cxd4 21. cxd4 Rc8 22. Ra1 Rc2 23. Bb4 Ra8 24. Rb1 Rac8 25. h4 Rc1+ 26. Rxc1 Rxc1+ 27. Kh2 Rc2 28. e4 Bf7 29. d5 Rb2 30. Rb5 Be8 0-1

[Event "European Blitz-ch 2018"]
[Site "Skopje"]
[Date "2018.12.06"]
[Round "4"]
[White "Uruci, Endrit"]
[Black "Kevlishvili, Robby"]
[Result "1-0"]
[WhiteElo "2190"]
[BlackElo "2451"]
[Annotator "TA"]
[PlyCount "97"]
[EventDate "2018.12.06"]
[EventType "swiss"]
[EventCountry "MKD"]
[SourceTitle "playchess.com"]
[Source "ChessBase"]
[SourceQuality "1"]

1. e4 c5 2. Nf3 d6 3. c4 Nf6 4. Nc3 Bg4 5. h3 Bxf3 6. Qxf3 Nc6 7. d3 g6 8. g4 Bg7 9. Bg2 Nd7 10. O-O Nd4 11. Qd1 Rb8 12. a4 a6 13. f4 b5 14. axb5 axb5 15. Kh1 bxc4 16. dxc4 O-O 17. Ra7 Nb6 18. Qd3 Nc6 19. Ra1 Nb4 20. Qe2 Ra8 21. Be3 Qd7 22. Rfd1 Rxa1 23. Rxa1 Nc6 24. Nb5 Ra8 25. Rxa8+ Nxa8 26. b3 Nc7 27. Qa2 Bf8 28. Qa4 Qd8 29. e5 dxe5 30. Nxc7 Qd1+ 31. Kh2 Nd4 32. fxe5 Ne2 33. Qc6 Qxb3 34. Qf3 Nd4 35. Bxd4 Qxf3 36. Bxf3 cxd4 37. Nd5 e6 38. Nf6+ Kg7 39. Be4 Bb4 40. Kg3 Ba5 41. g5 Bd2 42. h4 Be1+ 43. Kg4 Bf2 44. Ne8+ Kf8 45. Nd6 Ke7 46. c5 d3 47. c6 d2 48. Bf3 Bb6 49. Nc8+ 1-0

[Event "European Blitz-ch 2018"]
[Site "Skopje"]
[Date "2018.12.06"]
[Round "5"]
[White "Artemiev, Vladislav"]
[Black "Zajic, Milan"]
[Result "1-0"]
[WhiteElo "2709"]
[BlackElo "2488"]
[Annotator "TA"]
[PlyCount "55"]
[EventDate "2018.12.06"]
[EventType "swiss"]
[EventCountry "MKD"]

1. c4 e6 2. Nf3 d5 3. e3 Nf6 4. Nc3 a6 5. b3 Be7 6. Bb2 O-O 7. Be2 dxc4 8. bxc4 b6 9. Qc2 Bb7 10. Rg1 c5 11. g4 Nc6 12. g5 Nd7 13. a3 Nde5 14. Ne4 Nxf3+ 15. Bxf3 Kh8 16. Rg3 e5 17. Rh3 g6 18. Rg3 Qc7 19. h4 Rad8 20. h5 Bc8 21. Nc3 Bf5 22. Be4 Bxe4 23. Qxe4 Rfe8 24. Nd5 Qd6 25. Rh3 Qe6 26. Nf4 Qd6 27. hxg6 fxg6 28. Nxg6+ 1-0

[Event "European Blitz-ch 2018"]
[Site "Skopje"]
[Date "2018.12.06"]
[Round "5"]
[White "Laznicka, Viktor"]
[Black "Putka, Verners"]
[Result "0-1"]
[WhiteElo "2675"]
[BlackElo "2307"]
[Annotator "TA"]
[PlyCount "88"]
[EventDate "2018.12.06"]
[EventType "swiss"]
[EventCountry "MKD"]

1. d4 Nf6 2. Nf3 c5 3. d5 e6 4. Nc3 d6 5. e4 Be7 6. Bb5+ Bd7 7. Bxd7+ Qxd7 8. O-O O-O 9. dxe6 Qxe6 10. Bg5 h6 11. Bxf6 Bxf6 12. Nd5 Rc8 13. c3 Nd7 14. Qd3 c4 15. Qe3 Nc5 16. Rfe1 b5 17. Nd4 Bxd4 18. Qxd4 Kf8 19. f4 Nd3 20. Re3 Rc6 21. Rg3 f6 22. a4 bxa4 23. Rxa4 Nxb2 24. Rxa7 Ra6 25. Rxa8+ Rxa8 26. h3 Re8 27. Nc7 Qxe4 28. Qxd6+ Re7 29. Nd5 Qe6 30. Qxe7+ Qxe7 31. Nxe7 Kxe7 32. Rxg7+ Ke6 33. Rc7 Kd5 34. Rh7 Nd1 35. Rxh6 Nxc3 36. Rh5+ Kd4 37. Kf2 Ne4+ 38. Ke2 Ng3+ 39. Kd2 Nxh5 40. f5 Ng3 41. Kc2 Nxf5 42. g4 Nh4 43. Kd2 c3+ 44. Kc2 Kc4 0-1

[Event "European Blitz-ch 2018"]
[Site "Skopje"]
[Date "2018.12.06"]
[Round "5"]
[White "Guseinov, Gadir"]
[Black "Stojanovski, Dejan"]
[Result "1-0"]
[WhiteElo "2664"]
[BlackElo "2430"]
[Annotator "TA"]
[PlyCount "65"]
[EventDate "2018.12.06"]
[EventType "swiss"]
[EventCountry "MKD"]

1. e4 c5 2. Nc3 Nc6 3. Nf3 g6 4. Bb5 Bg7 5. O-O Nf6 6. h3 O-O 7. e5 Ne8 8. Re1 Nc7 9. Bxc6 dxc6 10. d3 Ne6 11. Ne4 b6 12. Be3 f5 13. exf6 exf6 14. Qc1 f5 15. Neg5 Nc7 16. h4 Nd5 17. Bd2 h6 18. Ne6 Bxe6 19. Rxe6 Rf6 20. Re2 f4 21. c4 Nb4 22. Bxb4 cxb4 23. d4 Qd6 24. Qc2 Re6 25. Rxe6 Qxe6 26. Re1 Qf6 27. Ne5 Re8 28. c5 bxc5 29. Qxc5 Qxh4 30. Qc4+ Kh7 31. Qxc6 Qe7 32. Qxg6+ Kg8 33. Nf3 1-0

[Event "European Blitz-ch 2018"]
[Site "Skopje"]
[Date "2018.12.06"]
[Round "5"]
[White "Anton Guijarro, David"]
[Black "Van Foreest, Lucas"]
[Result "1-0"]
[WhiteElo "2642"]
[BlackElo "2500"]
[Annotator "TA"]
[PlyCount "57"]
[EventDate "2018.12.06"]
[EventType "swiss"]
[EventCountry "MKD"]

1. Nf3 Nf6 2. b3 b6 3. g3 g6 4. Bb2 Bb7 5. Bg2 Bg7 6. c4 O-O 7. O-O c5 8. d4 cxd4 9. Qxd4 d6 10. Rd1 Nbd7 11. Ne1 Qc7 12. Nc3 Bxg2 13. Nxg2 Qb7 14. Nd5 Rfe8 15. Nge3 Nh5 16. Qd2 Bxb2 17. Qxb2 Nhf6 18. Rd4 Rad8 19. Rad1 Nxd5 20. Nxd5 Nf8 21. Qd2 Ne6 22. Rh4 h5 23. Qh6 Ng7 24. g4 Qc8 25. e4 Qe6 26. gxh5 Nxh5 27. Nf4 Qf6 28. Nxh5 gxh5 29. Qxh5 1-0

[Event "European Blitz-ch 2018"]
[Site "Skopje"]
[Date "2018.12.06"]
[Round "5"]
[White "Fridman, Daniel"]
[Black "Moroni, Luca Jr"]
[Result "1-0"]
[WhiteElo "2633"]
[BlackElo "2564"]
[Annotator "TA"]
[PlyCount "74"]
[EventDate "2018.12.06"]
[EventType "swiss"]
[EventCountry "MKD"]

1. Nf3 d5 2. d4 e6 3. c4 a6 4. e3 Nf6 5. Nbd2 c5 6. cxd5 exd5 7. dxc5 Bxc5 8. Be2 Nc6 9. O-O O-O 10. a3 Re8 11. b4 Ba7 12. Nb3 Bg4 13. Bb2 Ne4 14. h3 Be6 15. Nbd4 Qd6 16. Nxc6 bxc6 17. Bd4 a5 18. Bxa7 Rxa7 19. Qd4 Rea8 20. Rad1 axb4 21. axb4 Ra2 22. Bd3 Nf6 23. Rc1 R2a4 24. Qc5 Qxc5 25. Rxc5 Bd7 26. Ne5 Rxb4 27. Nxc6 Bxc6 28. Rxc6 Kf8 29. Rd1 Rba4 30. Rcc1 Rb8 31. Rd2 Rab4 32. Kf1 Rb2 33. Rxb2 Rxb2 34. g4 h6 35. Kg2 Rd2 36. Bc2 d4 37. exd4 Rxd4 1-0

[Event "European Blitz-ch 2018"]
[Site "Skopje"]
[Date "2018.12.06"]
[Round "5"]
[White "Salgado Lopez, Ivan"]
[Black "Jacimovic, Dragoljub"]
[Result "1-0"]
[WhiteElo "2629"]
[BlackElo "2398"]
[Annotator "TA"]
[PlyCount "58"]
[EventDate "2018.12.06"]
[EventType "swiss"]
[EventCountry "MKD"]

1. e4 e6 2. d4 d5 3. Nc3 Bb4 4. e5 c5 5. a3 Bxc3+ 6. bxc3 Ne7 7. Qg4 O-O 8. Bd3 Qa5 9. Bd2 Nbc6 10. Qh3 Ng6 11. Nf3 c4 12. Be2 f6 13. Qg3 Bd7 14. h4 fxe5 15. h5 Nf4 16. Bd1 e4 17. Ng5 h6 18. Nh3 e5 19. dxe5 Bxh3 20. gxh3 Rf5 21. Bg4 Nxh5 22. Qh4 Nf4 23. Qg3 Nh5 24. Qh4 Nf4 25. Rg1 Nxe5 26. Qg3 Rf6 27. Bxf4 Nf3+ 28. Kf1 Qxc3 29. Kg2 Rxf4 1-0

[Event "European Blitz-ch 2018"]
[Site "Skopje"]
[Date "2018.12.06"]
[Round "5"]
[White "Lagarde, Maxime"]
[Black "Markoja, Boris"]
[Result "1-0"]
[WhiteElo "2616"]
[BlackElo "2430"]
[Annotator "TA"]
[PlyCount "113"]
[EventDate "2018.12.06"]
[EventType "swiss"]
[EventCountry "MKD"]

1. e4 c5 2. Nf3 g6 3. d4 cxd4 4. Nxd4 Nc6 5. c4 Nf6 6. Nc3 d6 7. Be2 Nxd4 8. Qxd4 Bg7 9. Be3 O-O 10. Qd2 a5 11. O-O a4 12. Rac1 Qa5 13. Rfd1 Be6 14. f3 Rfc8 15. Nd5 Qxd2 16. Bxd2 Nxd5 17. exd5 Bd7 18. Bc3 Rc5 19. Bb4 Rc7 20. Ba3 Rac8 21. b4 axb3 22. axb3 Ra8 23. Bb4 Ra2 24. Rd2 Rxd2 25. Bxd2 Bd4+ 26. Kf1 Rc8 27. Bc3 Bxc3 28. Rxc3 Ra8 29. Rc2 Ra3 30. Rb2 Ra1+ 31. Kf2 b6 32. Ke3 Kg7 33. b4 g5 34. g3 f5 35. f4 h6 36. h4 Ra3+ 37. Bd3 Kf6 38. Kd4 Ra1 39. hxg5+ hxg5 40. Rh2 Rg1 41. fxg5+ Kxg5 42. Ra2 Rxg3 43. Ra7 Be8 44. Rxe7 Bg6 45. Re6 Bf7 46. Rxd6 f4 47. Rd7 Kf6 48. Rd6+ Kg5 49. Rxb6 f3 50. Rb7 Kf6 51. Ra7 f2 52. Ra1 Bg6 53. Bxg6 Rg1 54. Ra6+ Kg5 55. Bd3 Rd1 56. Rg6+ Kh5 57. Rf6 1-0

[Event "European Blitz-ch 2018"]
[Site "Skopje"]
[Date "2018.12.06"]
[Round "5"]
[White "Erdos, Viktor"]
[Black "Timmermans, Mark"]
[Result "1-0"]
[WhiteElo "2605"]
[BlackElo "2375"]
[Annotator "TA"]
[PlyCount "83"]
[EventDate "2018.12.06"]
[EventType "swiss"]
[EventCountry "MKD"]

1. Nf3 Nf6 2. c4 e6 3. g3 d5 4. Bg2 Be7 5. O-O O-O 6. d4 dxc4 7. Qc2 b5 8. a4 b4 9. Nfd2 Nd5 10. Nxc4 a5 11. b3 Bb7 12. Bb2 Nd7 13. Nbd2 c5 14. Rfd1 cxd4 15. Bxd4 Bf6 16. Ne4 Bxd4 17. Rxd4 Qc7 18. Ng5 N5f6 19. Bxb7 Qxb7 20. Rad1 g6 21. Nd6 Qa6 22. Ndxf7 Rac8 23. Qd2 Nc5 24. Nh6+ Kg7 25. Rd6 Qa8 26. Nxe6+ Nxe6 27. Rxe6 Rc7 28. Rxf6 Rxf6 29. Ng4 Rcf7 30. Nxf6 Rxf6 31. Qd4 Qf8 32. Rc1 Kg8 33. Qd5+ Kh8 34. Qd4 Kg8 35. f3 Qe7 36. Kf2 Re6 37. Rc2 Re5 38. Rc8+ Kf7 39. Qc4+ Qe6 40. Rc7+ Kf8 41. Qxe6 Rxe6 42. Rc5 1-0

[Event "European Blitz-ch 2018"]
[Site "Skopje"]
[Date "2018.12.06"]
[Round "5"]
[White "Ivanisevic, Ivan"]
[Black "Galopoulos, Nikolaos"]
[Result "1-0"]
[WhiteElo "2603"]
[BlackElo "2356"]
[Annotator "RC"]
[PlyCount "98"]
[EventDate "2018.12.06"]
[EventType "swiss"]
[EventCountry "MKD"]

1. d4 Nf6 2. Nf3 e6 3. Bf4 c5 4. e3 Nc6 5. c3 d5 6. Nbd2 Bd6 7. Bg3 O-O 8. Bb5 Ne7 9. Bd3 cxd4 10. exd4 Nf5 11. Qe2 b6 12. Ne5 Qc7 13. Bf4 Nd7 14. g4 Ne7 15. Bg3 Re8 16. O-O-O f6 17. Nef3 Nf8 18. Kb1 Bd7 19. g5 Neg6 20. gxf6 gxf6 21. Qe3 Kh8 22. Rhg1 Bf4 23. Bxf4 Qxf4 24. Rg3 e5 25. dxe5 Qxe3 26. fxe3 fxe5 27. Ng5 e4 28. Bc2 Kg7 29. Rf1 Re7 30. Nb3 Ne6 31. Nxe6+ Bxe6 32. Nd4 Bd7 33. Bb3 Re5 34. Rgg1 Rf8 35. Rxf8 Kxf8 36. Rf1+ Ke7 37. Rf2 Rh5 38. Kc2 Rg5 39. Kd2 h5 40. Ne2 Be6 41. Nf4 Nxf4 42. exf4 Rf5 43. Ke3 Rf8 44. Rg2 Kf6 45. Rg5 Rg8 46. Rxh5 Rg2 47. Bxd5 Bxd5 48. Rxd5 Rxb2 49. Kxe4 Rxa2 1-0

[Event "European Blitz-ch 2018"]
[Site "Skopje"]
[Date "2018.12.06"]
[Round "5"]
[White "Bosiocic, Marin"]
[Black "Jovic, Stanoje"]
[Result "1/2-1/2"]
[WhiteElo "2599"]
[BlackElo "2240"]
[Annotator "TA"]
[PlyCount "80"]
[EventDate "2018.12.06"]
[EventType "swiss"]
[EventCountry "MKD"]

1. e4 c6 2. d4 d5 3. e5 c5 4. dxc5 e6 5. a3 Bxc5 6. b4 Bb6 7. Nf3 Ne7 8. Bb2 Nbc6 9. Bd3 Ng6 10. O-O O-O 11. Nbd2 Nf4 12. Nb3 a5 13. b5 a4 14. bxc6 axb3 15. cxb7 Bxb7 16. Re1 Nxd3 17. cxd3 Rb8 18. Qxb3 d4 19. Qd1 Ba5 20. Re2 Bxf3 21. gxf3 Qg5+ 22. Kh1 Bc3 23. Bxc3 dxc3 24. Qc1 Qf5 25. Qe3 Rb2 26. Rc1 Rfb8 27. Rxb2 cxb2 28. Rb1 h6 29. a4 Rb3 30. a5 Rxd3 31. Qe4 Qxe4 32. fxe4 Ra3 33. Rxb2 Rxa5 34. f4 Ra4 35. Re2 g5 36. fxg5 hxg5 37. Kg2 Kg7 38. Re3 Kg6 39. Kg3 Ra5 40. Rb3 Ra1 1/2-1/2

[Event "European Blitz-ch 2018"]
[Site "Skopje"]
[Date "2018.12.06"]
[Round "5"]
[White "Stocek, Jiri"]
[Black "Georgiev, Kiril"]
[Result "1/2-1/2"]
[WhiteElo "2576"]
[BlackElo "2595"]
[Annotator "TA"]
[PlyCount "159"]
[EventDate "2018.12.06"]
[EventType "swiss"]
[EventCountry "MKD"]

1. c4 e5 2. Nc3 Nf6 3. Nf3 Nc6 4. e3 Bb4 5. Qc2 Bxc3 6. Qxc3 Qe7 7. Be2 d5 8. d4 exd4 9. Nxd4 Nxd4 10. Qxd4 c5 11. Qf4 O-O 12. O-O dxc4 13. Bxc4 Be6 14. b3 Bxc4 15. Qxc4 Qe5 16. Rb1 Qe4 17. Qxe4 Nxe4 18. f3 Nf6 19. Kf2 Rfd8 20. Ke2 Rac8 21. Bb2 Nd5 22. Rfd1 f6 23. Rbc1 b6 24. a3 Kf7 25. g3 Ke6 26. e4 Ne7 27. Rxd8 Rxd8 28. b4 cxb4 29. axb4 Rc8 30. Rxc8 Nxc8 31. Kd3 Nd6 32. f4 g6 33. g4 f5 34. exf5+ gxf5 35. h3 a5 36. bxa5 bxa5 37. Ba3 Ne4 38. Kd4 Nf2 39. gxf5+ Kxf5 40. Ke3 Nxh3 41. Bd6 h5 42. Kf3 h4 43. Bc7 a4 44. Bd6 Ng1+ 45. Kf2 Nh3+ 46. Kf3 Ke6 47. Ba3 Kf5 48. Bd6 Ng1+ 49. Kf2 Ke6 50. Ba3 Nh3+ 51. Kf3 Kf5 52. Bd6 a3 53. Bxa3 Nxf4 54. Bd6 Ng6 55. Kg2 Kg4 56. Bb8 h3+ 57. Kh1 Nh4 58. Bc7 Nf5 59. Bb8 Nd4 60. Bc7 Nf3 61. Bb8 Kf5 62. Bc7 Ke4 63. Bb8 Kf5 64. Bc7 Kg4 65. Bb8 Nd4 66. Bc7 Ne6 67. Bb8 Ng5 68. Bc7 Ne4 69. Bb8 Kf3 70. Bc7 Nf2+ 71. Kh2 Kg4 72. Bb8 Ne4 73. Bc7 Nc5 74. Bb8 Nd7 75. Bc7 Nf6 76. Bb8 Nd5 77. Bd6 Ne3 78. Bb8 Nf1+ 79. Kg1 Nd2 80. Kh1 1/2-1/2

[Event "European Blitz-ch 2018"]
[Site "Skopje"]
[Date "2018.12.06"]
[Round "5"]
[White "Djukic, Nikola"]
[Black "Radovanovic, Nikola"]
[Result "1-0"]
[WhiteElo "2574"]
[BlackElo "2418"]
[Annotator "TA"]
[PlyCount "89"]
[EventDate "2018.12.06"]
[EventType "swiss"]
[EventCountry "MKD"]

1. e4 e5 2. Nf3 Nc6 3. Bb5 Bc5 4. c3 Nf6 5. d4 exd4 6. cxd4 Bb4+ 7. Bd2 Bxd2+ 8. Nbxd2 a6 9. Bd3 d5 10. e5 Nd7 11. O-O O-O 12. Rc1 Re8 13. Re1 Nf8 14. h3 Be6 15. Nb3 Ne7 16. Nc5 b6 17. Nxe6 fxe6 18. Qc2 Ra7 19. Ng5 Neg6 20. h4 h6 21. Bxg6 Nxg6 22. Qxg6 hxg5 23. hxg5 Qe7 24. Re3 Qf7 25. Qxf7+ Kxf7 26. Rec3 Re7 27. f4 Ke8 28. g4 g6 29. Rh3 Kd7 30. Rh6 Rg7 31. Kf2 Ra8 32. Ke3 Rf8 33. b4 Rff7 34. Rch1 Kc6 35. a4 Kd7 36. Rh8 Kc6 37. Re8 Re7 38. Rhh8 Rxe8 39. Rxe8 Kd7 40. Rh8 c5 41. dxc5 bxc5 42. bxc5 Kc6 43. Rc8+ Kb7 44. Re8 Rc7 45. Rxe6 1-0

[Event "European Blitz-ch 2018"]
[Site "Skopje"]
[Date "2018.12.06"]
[Round "5"]
[White "Saric, Ante"]
[Black "Damljanovic, Branko"]
[Result "1-0"]
[WhiteElo "2533"]
[BlackElo "2495"]
[Annotator "TA"]
[PlyCount "45"]
[EventDate "2018.12.06"]
[EventType "swiss"]
[EventCountry "MKD"]

1. d4 d6 2. Nf3 Nf6 3. c4 g6 4. Nc3 Bg7 5. e4 O-O 6. Be2 e5 7. O-O Nc6 8. dxe5 Nxe5 9. Bf4 Nfd7 10. Qd2 Nc5 11. Bh6 Be6 12. Bxg7 Kxg7 13. b3 a5 14. Nd4 Nc6 15. f4 f6 16. Rae1 Qd7 17. Bf3 Rae8 18. Ndb5 Ne7 19. Rd1 Rd8 20. Rfe1 Nc8 21. Nd4 c6 22. h3 Qc7 23. Qf2 1-0

[Event "European Blitz-ch 2018"]
[Site "Skopje"]
[Date "2018.12.06"]
[Round "5"]
[White "Santos Ruiz, Miguel"]
[Black "Demchenko, Anton"]
[Result "1-0"]
[WhiteElo "2523"]
[BlackElo "2679"]
[Annotator "TA"]
[PlyCount "101"]
[EventDate "2018.12.06"]
[EventType "swiss"]
[EventCountry "MKD"]

1. c4 Nf6 2. Nc3 g6 3. e4 d6 4. d4 Bg7 5. f3 O-O 6. Be3 Nc6 7. Qd2 a6 8. h4 h5 9. Rc1 Bd7 10. Nge2 b5 11. Nd5 bxc4 12. Rxc4 e6 13. Nxf6+ Bxf6 14. Bg5 Bxg5 15. hxg5 Rb8 16. Rc1 e5 17. d5 Na7 18. Nc3 Nb5 19. Bd3 Kg7 20. O-O f6 21. gxf6+ Rxf6 22. Bxb5 axb5 23. b4 Ra8 24. Rc2 Rf7 25. Rfc1 h4 26. Nd1 h3 27. Rxc7 Ra3 28. R1c3 Rxc3 29. Rxc3 Qh4 30. Qf2 Qg5 31. g3 Qh5 32. Qe2 h2+ 33. Qxh2 Qg5 34. Qg2 Rf8 35. Rc7 Qd8 36. Qc2 Rf7 37. Kg2 Qh8 38. Nf2 Qb8 39. g4 Qb6 40. Nh3 Qe3 41. Rc3 Qd4 42. Ng5 Re7 43. Rc7 Kf6 44. Qc1 Qxb4 45. Nh3 Qa5 46. Rb7 Kg7 47. Qg5 Qd8 48. Qh4 Qa8 49. Qxe7+ Kh6 50. Qg5+ Kg7 51. Rxd7+ 1-0

[Event "European Blitz-ch 2018"]
[Site "Skopje"]
[Date "2018.12.06"]
[Round "5"]
[White "Demidov, Mikhail"]
[Black "Jenni, Florian"]
[Result "1-0"]
[WhiteElo "2520"]
[BlackElo "2454"]
[Annotator "TA"]
[PlyCount "55"]
[EventDate "2018.12.06"]
[EventType "swiss"]
[EventCountry "MKD"]

1. d4 Nf6 2. Bg5 e6 3. e4 h6 4. Bxf6 Qxf6 5. c3 d5 6. Nd2 Qd8 7. Ngf3 dxe4 8. Nxe4 Nd7 9. Bc4 Nf6 10. Qe2 Be7 11. O-O-O c6 12. h4 b5 13. Bb3 a5 14. Ne5 Qc7 15. g4 a4 16. Bc2 a3 17. b4 Nd5 18. g5 Bb7 19. Bb3 h5 20. Qf3 f6 21. Ng6 O-O-O 22. Nxh8 Rxh8 23. gxf6 gxf6 24. Nc5 Bxc5 25. dxc5 Qg7 26. Bxd5 cxd5 27. Rhg1 Qh6+ 28. Qe3 1-0